| 000 | 02140cam a22005894i 4500 | ||
|---|---|---|---|
| 003 | PE-LiUPU | ||
| 005 | 20250731170453.0 | ||
| 008 | 150706s2002 sp r 000 0 spa d | ||
| 020 | _a9788433016683 | ||
| 035 | _a(Sirsi) i9788433016683 | ||
| 040 |
_aPE-LiUPU _bspa _cPE-LiUPU _erda |
||
| 049 | _aPRUA | ||
| 082 | 0 | 4 |
_a174.2 _bV62 _221 |
| 100 | 1 |
_aVielva Asejo, Julio, _eautor. |
|
| 245 | 1 | 0 |
_aÉtica profesional de la enfermería / _cJulio Vielva Asejo. |
| 250 | _a2a | ||
| 264 | 1 |
_aBilbao : _bDesclée De Brouwer, _c2002. |
|
| 300 |
_a257 páginas ; _c23 centímetros |
||
| 336 |
_atext _2rdacontent |
||
| 337 |
_aunmediated _2rdamedia |
||
| 338 |
_avolume _2rdacarrier |
||
| 505 | 0 | _aÉtica y enfermería -- La responsabilidad del profesional de enfermería -- Ética y condiciones del ejercicio de la enfermería -- Respeto a la intimidad. El secreto profesional -- La información al paciente -- Respeto a la autonomía del paciente consentimiento informado y enfermería -- La objeción de conciencia -- Los comités de ética y la enfermería -- Enfermería y humanización de la asistencia. | |
| 526 | _aSEG68 | ||
| 526 | _aSEG70 | ||
| 526 | _aSEG69 | ||
| 526 | _aSEG67 | ||
| 526 | _aSEG43 | ||
| 526 | _aP144 | ||
| 526 | _aP143 | ||
| 526 | _aP131 | ||
| 526 | _aP122 | ||
| 526 | _aP120 | ||
| 526 | _aP117 | ||
| 526 | _aP112 | ||
| 526 | _aP110 | ||
| 526 | _aP106 | ||
| 526 | _aP101 | ||
| 526 | _aP80 | ||
| 526 | _aP59 | ||
| 526 | _aP54 | ||
| 526 | _aP35 | ||
| 526 | _aP33 | ||
| 526 | _aP30 | ||
| 541 | _g001-003347; | ||
| 650 | 0 | 4 |
_aEnfermeras _xÉtica profesional. |
| 910 |
_agl _bjv _cng _d20110915 |
||
| 942 |
_2ddc _cBOOK |
||
| 949 |
_a174.2 V62 _wDEWEY _c1 _i63676 _lCCODEBUL1 _mBUL _p33.00 _r0 _sY _tBOOK _u2015-7-6 _xSALUD _PP22 _o.STAFF. Colección General |
||
| 994 |
_aC0 _bPEPRU |
||
| 596 | _a1 | ||
| 999 |
_a174.2 V62 _wDEWEY _c52580 _i63676 _d52580 _e2018-11-6 _f2021-11-3 _g6 _lCCODEBUL1 _mBUL _n5 _p33.00 _r0 _sY _tBOOK _u2015-7-6 _xSALUD _PP22 _0COMPRA _o.STAFF. Colección Ciencias de la Salud |
||
| 980 |
_81 _gALBERTO SANCHEZ Responsable de Automatización |
||